Анодная амальгамная вольтамперометрия с программированным током на ртутном пленочном электроде; Известия Томского политехнического института [Известия ТПИ]; Т. 164 : Исследования в области амальгамной полярографии с накоплением

Bibliographic Details
Parent link:Известия Томского политехнического института [Известия ТПИ]/ Томский политехнический институт (ТПИ).— , 1944-1976
Т. 164 : Исследования в области амальгамной полярографии с накоплением.— 1967.— [С. 92-96]
Main Author: Захаров М. С.
Other Authors: Баканов В. И.
Summary:Заглавие с титульного листа
Электронная версия печатной публикации
Language:Russian
Published: 1967
Series:Теория метода АПН и ее опытная проверка
Subjects:
Online Access:Черно-белая версия для предварительного просмотра
Цветная версия без потери качества
Format: Electronic Book Chapter
KOHA link:https://koha.lib.tpu.ru/cgi-bin/koha/opac-detail.pl?biblionumber=212286

MARC

LEADER 00000nla2a2200000 4500
001 212286
005 20231031192854.0
035 |a (RuTPU)RU\TPU\book\231931 
035 |a RU\TPU\book\231930 
090 |a 212286 
100 |a 20120325d1967 k y0rusy50 ca 
101 0 |a rus 
102 |a RU 
135 |a drnn ---uucaa 
181 0 |a i  
182 0 |a b 
200 1 |a Анодная амальгамная вольтамперометрия с программированным током на ртутном пленочном электроде  |b Электронный ресурс  |f М. С. Захаров, В. И. Баканов 
203 |a Текст  |c электронный 
215 |a 2 файла (181 Кб, 6.9 Мб) 
225 1 |a Теория метода АПН и ее опытная проверка 
230 |a Электронные текстовые данные (2 файла : 181 Кб, 6.9 Мб) 
300 |a Заглавие с титульного листа 
300 |a Электронная версия печатной публикации 
320 |a [Библиогр.: с. 96 (7 назв.)] 
337 |a Adobe Reader 
461 1 |0 (RuTPU)RU\TPU\book\200995  |t Известия Томского политехнического института [Известия ТПИ]  |f Томский политехнический институт (ТПИ)  |d 1944-1976 
463 1 |0 (RuTPU)RU\TPU\book\231913  |t Т. 164 : Исследования в области амальгамной полярографии с накоплением  |o теория, аппаратура, приемы работы и применение в анализе материалов высокой чистоты  |v [С. 92-96]  |d 1967  |p 262 с. 
610 1 |a электронный ресурс 
610 1 |a труды учёных ТПУ 
700 1 |a Захаров  |b М. С. 
701 1 |a Баканов  |b В. И. 
801 1 |a RU  |b 63413507  |c 20090320  |g PSBO 
801 2 |a RU  |b 63413507  |c 20120613  |g PSBO 
856 4 |u http://www.lib.tpu.ru/fulltext/v/Bulletin_TPU/1967/v164/18_bw.pdf  |z Черно-белая версия для предварительного просмотра 
856 4 |u http://www.lib.tpu.ru/fulltext/v/Bulletin_TPU/1967/v164/18_full.pdf  |z Цветная версия без потери качества 
942 |c CF